20 häufigste deutsche Wörter - Statistiken

Allgemein
  • Dieses Quiz wurde 19 mal gespielt
  • Das Durchschnittsergebnis liegt bei 9 aus 20
Antwortstatistiken
Rang Wort % Korrekt
15. es
87%
1. der, die, das (bestimmter Artikel)
73%
17. der, die, das (Relativpronomen)
73%
19. er
73%
8. haben
60%
2. in
60%
13. auf
53%
16. nicht
53%
5. ein
47%
10. mit
47%
4. und
47%
11. an
40%
12. für
40%
7. von
40%
9. werden
40%
6. zu
40%
20. als
33%
3. sein (Verb)
13%
14. sich
13%
18. auch
7%
Keine übereinstimmenden Quizze gefunden
Verteilung der Resultate
Anzahl Personen mit jedem Resultat
Perzentil nach korrekt beantworteten Fragen
Ihre Resultats-Entwicklung
Sie haben dieses Quiz noch nicht gespielt